The poems of William Cowper (Record no. 121949)
[ view plain ]
| 000 -LEADER | |
|---|---|
| fixed length control field | 01545cam a2200361K 4500 |
| 001 - CONTROL NUMBER | |
| control field | 8102086 |
| 003 - CONTROL NUMBER IDENTIFIER | |
| control field | ARRUPE |
| 005 - DATE AND TIME OF LATEST TRANSACTION | |
| control field | 20150219113542.0 |
| 006 - FIXED-LENGTH DATA ELEMENTS--ADDITIONAL MATERIAL CHARACTERISTICS--GENERAL INFORMATION | |
| fixed length control field | m d |
| 007 - PHYSICAL DESCRIPTION FIXED FIELD--GENERAL INFORMATION | |
| fixed length control field | cr bn||||||abp |
| 007 - PHYSICAL DESCRIPTION FIXED FIELD--GENERAL INFORMATION | |
| fixed length control field | cr bn||||||ada |
| 008 - FIXED-LENGTH DATA ELEMENTS--GENERAL INFORMATION | |
| fixed length control field | 100325s1905 enkac ob 001 0 eng d |
| 035 ## - SYSTEM CONTROL NUMBER | |
| System control number | (OCoLC)ocn570650727 |
| 035 ## - SYSTEM CONTROL NUMBER | |
| System control number | (OCoLC)570650727 |
| 040 ## - CATALOGING SOURCE | |
| Original cataloging agency | OCLCE |
| Language of cataloging | eng |
| Transcribing agency | OCLCE |
| Modifying agency | OCLCQ |
| 049 ## - LOCAL HOLDINGS (OCLC) | |
| Holding library | ZCUA |
| 050 #4 - LIBRARY OF CONGRESS CALL NUMBER | |
| Classification number | PR3380 |
| Item number | .A2 1905 |
| 082 04 - DEWEY DECIMAL CLASSIFICATION NUMBER | |
| Classification number | 821.6 |
| 300 ## - PHYSICAL DESCRIPTION | |
| Dimensions | 23cm. |
| 100 1# - MAIN ENTRY--PERSONAL NAME | |
| Personal name | Cowper, William |
| 9 (RLIN) | 14806 |
| 245 14 - TITLE STATEMENT | |
| Title | The poems of William Cowper |
| Statement of responsibility, etc | William Cowder and John Cann Bailey ed |
| 260 ## - PUBLICATION, DISTRIBUTION, ETC. (IMPRINT) | |
| Place of publication, distribution, etc | London, |
| Name of publisher, distributor, etc | Methuen |
| Date of publication, distribution, etc | [1905] |
| 300 ## - PHYSICAL DESCRIPTION | |
| Extent | xci, 738p. ; |
| 440 #0 - SERIES STATEMENT/ADDED ENTRY--TITLE | |
| Title | Eighteenth-century sources for the study of English literature, |
| Volume number/sequential designation | roll 106 |
| 9 (RLIN) | 14807 |
| 500 ## - GENERAL NOTE | |
| General note | Positive microfilm copy. |
| 504 ## - BIBLIOGRAPHY, ETC. NOTE | |
| Bibliography, etc | Includes bibliographical references and index. |
| 506 ## - RESTRICTIONS ON ACCESS NOTE | |
| Materials specified | Use copy |
| Standardized terminology for access restriction | Restrictions unspecified |
| Source of term | star |
| Institution to which field applies | MiAaHDL |
| 533 ## - REPRODUCTION NOTE | |
| Type of reproduction | Electronic reproduction. |
| Place of reproduction | [S.l.] : |
| Agency responsible for reproduction | HathiTrust Digital Library, |
| Date of reproduction | 2010. |
| 538 ## - SYSTEM DETAILS NOTE | |
| System details note | Master and use copy. Digital master created according to Benchmark for Faithful Digital Reproductions of Monographs and Serials, Version 1. Digital Library Federation, December 2002. |
| Uniform Resource Identifier | <a href="http://purl.oclc.org/DLF/benchrepro0212">http://purl.oclc.org/DLF/benchrepro0212</a> |
| 583 1# - ACTION NOTE | |
| Action | digitized |
| Time/date of action | 2010 |
| Jurisdiction | HathiTrust Digital Library |
| Status | committed to preserve |
| Source of term | pda |
| Institution to which field applies | MiAaHDL |
| 700 ## - ADDED ENTRY--PERSONAL NAME | |
| Personal name | Bailey, John Cann (ed.) |
| 9 (RLIN) | 15414 |
| 776 08 - ADDITIONAL PHYSICAL FORM ENTRY | |
| Display text | Print version: |
| Main entry heading | Cowper, William, 1731-1800. |
| Title | Poems of William Cowper. |
| Place, publisher, and date of publication | London, Methuen [1905] |
| Record control number | (OCoLC)2664187 |
| 942 ## - ADDED ENTRY ELEMENTS (KOHA) | |
| Source of classification or shelving scheme | Library of Congress Classification |
| Koha item type | Monograph ( Printed materials) |
| Withdrawn status | Lost status | Source of classification or shelving scheme | Damaged status | Not for loan | Collection code | Home library | Current library | Shelving location | Date acquired | Total Checkouts | Full call number | Barcode | Date last seen | Price effective from | Koha item type |
|---|---|---|---|---|---|---|---|---|---|---|---|---|---|---|---|
| Library of Congress Classification | Main Collection | ARRUPE LIBRARY | ARRUPE LIBRARY | Main Collection | 29/01/2015 | PR3380 .A5 B154 | 46500002999 | 25/04/2019 | 29/01/2015 | Monograph ( Printed materials) |